Jorge Sand (Registro nro. 23783)

Detalles MARC
000 -LEADER
campo de control de longitud fija 00568nam a2200193 i 4500
001 - NÚMERO DE CONTROL
campo de control 23783
003 - IDENTIFICADOR DE NÚMERO DE CONTROL
campo de control ES-MaACL
005 - FECHA Y HORA DE LA ÚLTIMA TRANSACCIÓN
campo de control 20240512063032.0
007 - CAMPO FIJO DE DESCRIPCIÓN FÍSICA--INFORMACIÓN GENERAL
campo de control de longitud fija t|
008 - DATOS DE LONGITUD FIJA--INFORMACIÓN GENERAL
campo de control de longitud fija 021212s1964 sp ||||1| spa d
100 1# - ENTRADA PRINCIPAL--NOMBRE DE PERSONA
Nombre de persona Amézaga, Elías,
Fechas asociadas al nombre 1921-2008
9 (RLIN) 21216
245 10 - MENCIÓN DEL TÍTULO
Título Jorge Sand
Resto del título : Aurora Dupin íntima /
Mención de responsabilidad, etc. Elías Amézaga.
260 ## - PUBLICACIÓN, DISTRIBUCIÓN, ETC.
Lugar de publicación, distribución, etc. [Bilbao :
Nombre del editor, distribuidor, etc. Sendo,
Fecha de publicación, distribución, etc. 1964]
300 ## - DESCRIPCIÓN FÍSICA
Extensión 795 p. ;
Dimensiones 24 cm.
600 14 - PUNTO DE ACCESO ADICIONAL DE MATERIA--NOMBRE DE PERSONA
Nombre de persona Sand, George,
Fechas asociadas al nombre 1804-1876
9 (RLIN) 103060
740 0# - ENTRADA AGREGADA--TÍTULO RELACIONADO/ANALÍTICO NO CONTROLADO
Título relacionado o analítico no controlado Aurora Dupín íntima.
852 ## - LOCALIZACIÓN
Ubicación ES-MaACL
Número de control de estantería A-7758
Sublocalización o colección R.97331
Existencias
Estatus retirado Estado de pérdida Estado de daño No para préstamo Biblioteca de origen Biblioteca actual Ubicación en estantería Fecha de adquisición Fuente de adquisición Total de préstamos Signatura topográfica completa Código de barras Visto por última vez Precio de reemplazo Tipo de ítem Koha
        Biblioteca del Ateneo de Madrid Biblioteca del Ateneo de Madrid Sala Pecera Planta 1 17/01/2008     A-7758 1024508 23/02/2023 23/02/2023 Libro impreso